MARC

Tag First Indicator Second Indicator Subfields
LEADER 00000cam a2200000Ii 4500
001 in00003502421
006 m o d
007 cr unu||||||||
008 081229s1975 gw a ob 100 0 eng d
005 20260422200542.1
019 |a 654410754 
020 |a 9783540374541 (electronic bk.) 
020 |a 354037454X (electronic bk.) 
020 |z 9783540071518 
020 |z 3540071512 
020 |z 9780387071510 
020 |z 0387071512 
035 |a (OCoLC)294861550  |z (OCoLC)654410754 
040 |a SPLNM  |b eng  |e pn  |c SPLNM  |d GW5XE  |d OCLCQ  |d OL$  |d OCLCO  |d OCLCQ  |d GW5XE  |d OCLCE  |d OCLCF  |d OCLCQ  |d OCLCO  |d UtOrBLW 
041 0 |a eng  |a fre 
049 |a TXAM 
050 4 |a QA3  |b .L28 no. 449  |a QC19.2 
082 0 4 |a 510.8  |2 22 
084 |a 33.06  |2 bcl 
245 0 0 |a Hyperfunctions and theoretical physics :  |b rencontre de Nice, 21-30 mai, 1973 /  |c edited by F. Pham. 
264 1 |a Berlin ;  |a New York :  |b Springer-Verlag,  |c 1975. 
300 |a 1 online resource (218 pages) :  |b illustrations. 
336 |a text  |b txt  |2 rdacontent 
337 |a computer  |b c  |2 rdamedia 
338 |a online resource  |b cr  |2 rdacarrier 
490 1 |a Lecture Notes in Mathematics,  |x 0075-8434 ;  |v 449 
500 |a English or French. 
504 |a Includes bibliographical references. 
588 |a Description based on print version record. 
500 |a Electronic resource. 
650 0 |a Mathematical physics  |v Congresses. 
650 0 |a Hyperfunctions  |v Congresses. 
650 0 |a Quantum field theory  |v Congresses. 
650 6 |a Physique mathématique  |v Congrès. 
650 6 |a Hyperfonctions  |x Congrès. 
650 6 |a Champs, Théorie quantique des  |v Congrès. 
650 7 |a Hyperfunctions.  |2 fast  |0 (OCoLC)fst00965753 
650 7 |a Mathematical physics.  |2 fast  |0 (OCoLC)fst01012104 
650 7 |a Quantum field theory.  |2 fast  |0 (OCoLC)fst01085105 
650 1 7 |a S-matrices.  |2 gtt 
650 1 7 |a Veldentheorie.  |2 gtt 
650 0 7 |a Feldtheorie.  |2 swd 
650 0 7 |a Pseudodifferentialoperator.  |2 swd 
650 0 7 |a Theoretische Physik.  |2 swd 
655 7 |a Electronic books.  |2 local 
655 7 |a Conference proceedings.  |2 fast  |0 (OCoLC)fst01423772 
700 1 |a Pham, Frédéric. 
710 2 |a SpringerLink (Online service) 
776 1 8 |i Print version:  |t Hyperfunctions and theoretical physics.  |d Berlin ; New York : Springer-Verlag, 1975  |z 0387071512  |w (DLC) 75009931  |w (OCoLC)1288477 
830 0 |a Lecture notes in mathematics (Springer-Verlag) ;  |v 449. 
856 4 0 |u http://proxy.library.tamu.edu/login?url=https://link.springer.com/10.1007/BFb0062913  |z Connect to the full text of this electronic book  |t 0 
994 |a 92  |b TXA 
999 |a MARS 
999 f f |s 674b321d-60ed-3d40-aee8-603de1e65ae2  |i 95cc52d1-7dae-3cf5-8651-36e65eface91  |t 0 
952 f f |a Texas A&M University  |b College Station  |c Electronic Resources  |s www_evans  |d Available Online  |t 0  |e QA3 .L28 no. 449  |h Library of Congress classification 
998 f f |a QA3 .L28 no. 449  |t 0  |l Available Online